000 00994nas a2200325 4500
001 BR2010005688
003 BR-BrBNA
005 20231205114829.0
007 ta
008 230509b bl.|||p| |||| 00| 00por d
040 _aBR-BrBNA
_bpor
_cBiblioteca Nacional de Agricultura
041 _a(Pt)
072 _aL73
100 1 _aOtomura, F.H.
100 1 _aSangioni, L.A.
100 1 _aPacheco, R.C.
100 1 _aLabruna, M.B.
100 1 _aGalhardo, J.A.
100 1 _aRibeiro, M.G.
100 1 _aTeodoro, U.
245 1 _aAnticorpos anti-rickettsias do grupo da febre maculosa em equídeos e caninos no norte do estado do Paraná, Brasil
650 _aEQUINO
650 _aCÃO
650 _aEPIDEMIOLOGIA
650 _aCARRAPATO
650 _aPROFILAXIA
773 0 _tArquivo Brasileiro de Medicina Veterinária e Zootecnia (Brazil)
_xISSN 0102-0935
_g(Jun 2010), v. 62(3) p. 761-764
_wBR2010005688
909 _a202311
_bLúcia
_c55
_dLúcia Elande
942 _2AGRIS
_n0
_cANA
999 _c210716
_d210716